สารานุกรมวัฒนธรรมภาคใต้ พ.ศ. 2529 เล่ม 10 สุวรรณคูหา วัด ฺฮู้ (ระเบียนเลขที่ 22357)
| 000 -LEADER | |
|---|---|
| fixed length control field | 02551nam a22003497a 4500 |
| 005 - DATE AND TIME OF LATEST TRANSACTION | |
| control field | 20210325185222.0 |
| 008 - FIXED-LENGTH DATA ELEMENTS--GENERAL INFORMATION | |
| fixed length control field | s2529 th tha d |
| 041 ## - LANGUAGE CODE | |
| Language code of text/sound track or separate title | tha |
| 090 ## - LOCALLY ASSIGNED LC-TYPE CALL NUMBER (OCLC); LOCAL CALL NUMBER (RLIN) | |
| Classification number (OCLC) (R) ; Classification number, CALL (RLIN) (NR) | อ AE370.T5 |
| Local cutter number (OCLC) ; Book number/undivided call number, CALL (RLIN) | ศ211ส 2529 |
| 110 0# - MAIN ENTRY--CORPORATE NAME | |
| Corporate name or jurisdiction name as entry element | มหาวิทยาลัยศรีนครินทรวิโรม สงขลา. สถาบันทักษิณคดีศึกษา |
| 245 10 - TITLE STATEMENT | |
| Title | สารานุกรมวัฒนธรรมภาคใต้ พ.ศ. 2529 เล่ม 10 สุวรรณคูหา วัด ฺฮู้ |
| 260 3# - PUBLICATION, DISTRIBUTION, ETC. | |
| Place of publication, distribution, etc. | กรุงเทพฯ : |
| Name of publisher, distributor, etc. | อมรินทร์การพิมพ์, |
| Date of publication, distribution, etc. | 2529 |
| 300 ## - PHYSICAL DESCRIPTION | |
| Extent | 3863-4305 หน้า : |
| Other physical details | ภาพประกอบ ; |
| Dimensions | 29 ซม. |
| 610 ## - SUBJECT ADDED ENTRY--CORPORATE NAME | |
| Corporate name or jurisdiction name as entry element | มหาวิทยาลัยศรีนครินทรวิโรม สงขลา. สถาบันทักษิณคดีศึกษา |
| 650 04 - SUBJECT ADDED ENTRY--TOPICAL TERM | |
| Topical term or geographic name entry element | ไทย (ภาคใต้) รวมเรื่อง |
| 650 04 - SUBJECT ADDED ENTRY--TOPICAL TERM | |
| Topical term or geographic name entry element | วัฒนธรรมไทย (ภาคใต้) |
| 650 04 - SUBJECT ADDED ENTRY--TOPICAL TERM | |
| Topical term or geographic name entry element | ศิลปกรรมก่อนประวัติศาสตร์ |
| 650 04 - SUBJECT ADDED ENTRY--TOPICAL TERM | |
| Topical term or geographic name entry element | ศิลปหัตถกรรม |
| 650 04 - SUBJECT ADDED ENTRY--TOPICAL TERM | |
| Topical term or geographic name entry element | สารานุกรม |
| 650 04 - SUBJECT ADDED ENTRY--TOPICAL TERM | |
| Topical term or geographic name entry element | สุวัฒน์ วรดิลก, 2466 -- ชีวประวัติ |
| 650 04 - SUBJECT ADDED ENTRY--TOPICAL TERM | |
| Topical term or geographic name entry element | หนังตะลุง |
| 650 04 - SUBJECT ADDED ENTRY--TOPICAL TERM | |
| Topical term or geographic name entry element | หนังสือโบราณ |
| 650 04 - SUBJECT ADDED ENTRY--TOPICAL TERM | |
| Topical term or geographic name entry element | เหมืองแร่ |
| 650 04 - SUBJECT ADDED ENTRY--TOPICAL TERM | |
| Topical term or geographic name entry element | โบราณคดี |
| 650 04 - SUBJECT ADDED ENTRY--TOPICAL TERM | |
| Topical term or geographic name entry element | ไทย (ภาคใต้) -- ความเป็นอยู่และประเพณี |
| 650 04 - SUBJECT ADDED ENTRY--TOPICAL TERM | |
| Topical term or geographic name entry element | ไทย (ภาคใต้) -- ภูมิประเทศและการท่องเที่ยว |
| 650 04 - SUBJECT ADDED ENTRY--TOPICAL TERM | |
| Topical term or geographic name entry element | ไทย (ภาคใต้) -- ภูมิประเทศและการท่องเที่ยวไทย (ภาคใต้) -- ความเป็นอยู่และประเพณีโบราณคดีเหมืองแร่หนังสือโบราณหนังตะลุงสุวัฒน์ วรดิลก, 2466 -- ชีวประวัติสารานุกรมศิลปหัตถกรรมศิลปกรรมก่อนประวัติศาสตร์วัฒนธรรมไทย (ภาคใต้)ไทย (ภาคใต้) รวมเรื่อง |
| 850 ## - HOLDING INSTITUTION | |
| Holding institution | NALT |
| 942 ## - ADDED ENTRY ELEMENTS (KOHA) | |
| Koha item type | Reference Book |
| 997 ## - | |
| -- | 000000000022357 |
| 998 ## - LOCAL CONTROL INFORMATION (RLIN) | |
| -- | VSINEE MUNKLAD |
| Withdrawn status | Lost status | Damaged status | Not for loan | Collection code | Home library | Current library | Total Checkouts | Full call number | Barcode | Date last seen | Price effective from | Koha item type |
|---|---|---|---|---|---|---|---|---|---|---|---|---|
| Reference Book collection | National Assembly Library of Thailand | National Assembly Library of Thailand | อ AE370.T5 ศ211ส 2529 | 3961115334 | 09/06/2017 | 09/06/2017 | Reference Book |
